00421nam a2200145Ia 4500008004100000041000900041082001700050100001800067245002700085260003600112300000800148650000800156999001700164952009400181230718s9999 xx 000 0 und d aEng. a617.1bMAH-J aMahajhan. V.D 0aJure Prudence en legal aPakistanbInfoen law bookc2001 a742 aLaw c29094d29094 00104070aSIRC-LbSIRC-Ld2023-07-18l0o617.1 MAH-Jp24045r2023-07-18w2023-07-18yBK